| 000 | 01595cam a22004574i 4500 | ||
|---|---|---|---|
| 003 | PE-LiUPU | ||
| 005 | 20250731173454.0 | ||
| 008 | 150616s r 000 0 d | ||
| 035 | _a(Sirsi) a6550 | ||
| 040 |
_aPE-LiUPU _bspa _cPE-LiUPU _erda |
||
| 049 | _aPRUA | ||
| 082 | 0 | 4 |
_a220.7 _bICC _221 |
| 100 | 1 |
_aFrame, James Everett, _eautor. |
|
| 245 | 1 | 2 |
_aA critical and exegetical commentary on the epistles of St. Paul to the Thessalonians. _n52 / _cJames Everett Frame. |
| 264 | 1 |
_aEdinburgh, Gran Bretaña : _bT. & T. Clark, _c1988. |
|
| 300 |
_a326 páginas ; _c21 cm. |
||
| 336 |
_atext _2rdacontent |
||
| 337 |
_aunmediated _2rdamedia |
||
| 338 |
_avolume _2rdacarrier |
||
| 490 | 0 | _aThe International Critical Commentary | |
| 505 | 0 | _aComentarios sobre la epístola a los Tesalonicenses Tesalonicenses. | |
| 526 | _aSEG42 | ||
| 526 | _aSEG41 | ||
| 526 | _aSEG40 | ||
| 526 | _aSEG39 | ||
| 526 | _aP94 | ||
| 526 | _aP87 | ||
| 526 | _aP86 | ||
| 526 | _aP85 | ||
| 526 | _aP77 | ||
| 526 | _aP76 | ||
| 526 | _aP35 | ||
| 630 |
_aBiblia. _pN.T. _pTesalonicenses _xComentarios. |
||
| 910 |
_ajck _bjvq _cjck |
||
| 942 |
_2ddc _cBOOK |
||
| 949 |
_a220.7 ICC 52 _wDEWEY _c1 _i39922 _lCCODEBUL1 _mBUL _p00.00 _r0 _sY _tBOOK _u19951205 _xTEOLOGIA _zUNKNOWN _0COMPRA _o.STAFF. Colección General |
||
| 994 |
_aC0 _bPEPRU |
||
| 596 | _a1 | ||
| 999 |
_a220.7 ICC 52 _wDEWEY _c57696 _i39922 _f2021-11-9 _g5 _lCCODEBUL1 _mBUL _r0 _sY _tBOOK _u2015-6-16 _xTEOLOGIA _zUNKNOWN _0COMPRA _o.STAFF. Colección General _d57696 |
||
| 980 |
_81 _gALBERTO SANCHEZ Responsable de Automatización |
||